000 00300nam a2200109Ia 4500
008 220204s9999 xx 000 0 und d
082 _a035.077
_bGOL
245 0 _aBusiness disclosure: Government's need to know
260 _aNew York
_bMcGraw Hill
_c1979
700 _aGOLDSCHMID, Harvey J
942 _cBK
999 _c35474
_d35474